| 000 | 00506nam a2200193Ia 4500 | ||
|---|---|---|---|
| 005 | 20250923145733.0 | ||
| 008 | 008 250917s9999 xx 000 0 eng d | ||
| 037 | _aReference | ||
| 040 |
_aDSWL _beng _cDSWL |
||
| 041 |
_aeng _2eng |
||
| 084 |
_aX.25N77, N81 _qDSWL |
||
| 245 | 0 | _aEconomic survey 1980-81 | |
| 260 |
_aDelhi _b Controllar of Pubs. _c1981 |
||
| 300 | _aii,137p. | ||
| 365 |
_aINR _b10.00 |
||
| 925 | _g10.00 | ||
| 942 |
_cREF _hX.25N77, N81 |
||
| 999 |
_c1455030 _d1455030 |
||